Vyhláška Ministerstva financií Slovenskej republiky a Národnej banky Slovenska
Pokračovanie vyhlášky Ministerstva financií Slovenskej republiky a Národnej banky Slovenska z 26.9.1995, ktorou sa vykonávajú niektoré ustanovenia Devízového zákona. Číselník kódov krajín. Číselník kódov peňažných mien.
Salvato in:
| Natura: | Capitolo di libro |
|---|---|
| Lingua: | slovacco |
| Soggetti: | |
| Tags: |
Nessun Tag, puoi essere il primo ad aggiungerne!!
|
MARC
| LEADER | 00000naa a2200000 4500 | ||
|---|---|---|---|
| 001 | r019658 | ||
| 005 | 20221213100030.2 | ||
| 041 | 0 | |a slo | |
| 044 | |a SK | ||
| 245 | 1 | 0 | |a Vyhláška Ministerstva financií Slovenskej republiky a Národnej banky Slovenska |
| 520 | |a Pokračovanie vyhlášky Ministerstva financií Slovenskej republiky a Národnej banky Slovenska z 26.9.1995, ktorou sa vykonávajú niektoré ustanovenia Devízového zákona. Číselník kódov krajín. Číselník kódov peňažných mien. | ||
| 610 | 2 | 0 | |a zákony |
| 610 | 2 | 0 | |a vyhlášky |
| 610 | 2 | 0 | |a Slovensko |
| 610 | 2 | 0 | |a 1995 |
| 610 | 2 | 0 | |a devízy |
| 610 | 2 | 0 | |a MF SR Bratislava |
| 610 | 2 | 0 | |a NBS Bratislava |
| 610 | 2 | 0 | |a politika devízová |
| 610 | 2 | 0 | |a kódy |
| 610 | 2 | 0 | |a číselníky |